LEADER 00878cam0 22002411 450 001 SOBE00052124 005 20160415092945.0 100 $a20160415f19531999|||||ita|0103 ba 101 $aita 102 $aIT 200 1 $a<>partito liberale tra le due legislature$ediscorso tenuto al teatro Mercadante di Napoli il 9 maggio 1953$fFrancesco Compagna 210 $aNapoli$cL'arte tipografica$d[1953?] 215 $a23 p.$d21 cm 700 1$aCompagna$b, Francesco$3A600200046613$4070$08450 801 0$aIT$bUNISOB$c20160415$gRICA 850 $aUNISOB 852 $aUNISOB$j320|Opusc$m6160 912 $aSOBE00052124 940 $aM 102 Monografia moderna SBN 941 $aM 957 $a320|Opusc$b000078$gSI$d6160$rDono$tN$1petrellap$2UNISOB$3UNISOB$420160415092915.0$520160415092945.0$6petrellap 996 $aPartito liberale tra le due legislature$91724742 997 $aUNISOB